01482nam a2200361Ia 4500001001200000003000800012006001900020007001500039008004100054010001700095020001500112020001800127020001800145040002100163035002100184050002400205245012500229260003800354300004100392504004100433533015200474650004900626650004800675650001400723651005200737651003900789651004600828655002900874700004500903710001700948710002900965856012600994ebr10599089CaPaEBRm u cr cn|||||||||120807s2012 cauab sb 000 0 eng d z 2012031923 z0833073400 z9780833073402 z9780833073846 aCaPaEBRcCaPaEBR a(OCoLC)81328817114aUA26.A2bU75 2012eb00aU.S. overseas military presenceh[electronic resource] :bwhat are the strategic choices? /cLynn E. Davis ... [et al.]. aSanta Monica, CA :bRAND,cc2012. axvii, 50 p. :bcol. ill., col. maps. aIncludes bibliographical references. aElectronic reproduction.bPalo Alto, Calif. :cebrary,d2011.nAvailable via World Wide Web.nAccess may be limited to ebrary affiliated libraries. 0aMilitary bases, AmericanzForeign countries. 0aNational securityzUnited StatesxPlanning. 0aStrategy. 0aUnited StatesxArmed ForceszForeign countries. 0aUnited StatesxDefensesxPlanning. 0aUnited StatesxMilitary policyxPlanning. 7aElectronic books.2local1 aDavis, Lynn E.q(Lynn Etheridge),d1943-2 aebrary, Inc.2 aProject Air Force (U.S.)40uhttp://site.ebrary.com/lib/rucke/Doc?id=10599089zAn electronic book accessible through the World Wide Web; click to view